000 00665nam a2200229Ia 4500
003 OSt
005 20220923221624.0
006 a|||||r|||| 00| 0
007 ta
008 220922b |||||||| |||| 00| 0 hin d
024 _a198,740
037 _cTextual
040 _aARTS
_cARTS
_bhin
041 _2hin
_ahin
082 _aP152:74, 152L2
100 _aचतुर्वेदी, शिवनारायण
245 0 _aआवेदन प्रारुप
246 _aĀvedan prārupa
260 _c1972
942 _hP152:74, 152L2
_cTEXL
_2CC
999 _c350549
_d350549